00750nam a2200241 a 4500001001300000003000900013005001700022008004100039020002300080082001600103100002900119245004100148260003600189300000900225500003500234505002600269650003500295700002900330902000800359942000700367952011700374999001700491nice12345678IN_TiNIC20260116014013.0050524s2003 newa grp 000 0 eng  a0140558 c15000a320.54bBHA aBhattacharya, Sabyasachi aVande Mataram, the Biography of Song aNew DelhibPenguin Books c2003 a136p aincludes index and biblioraphy2 aIndex, Quranic Verses aNationalism-Political Ideology1 aBhattacharya, Sabyasachi bSRS cBK 001040708StackRoom-aHMIbHMId2007-04-05g150.00l0o320.54 BHAp020569r2007-04-05v150.00w2005-05-24yBK c13457d13457